书目信息 |
| 题名: |
新潮摄影与拍摄技巧
|
|
| 作者: | 许小平 著 | |
| 分册: | ||
| 出版信息: | 长春 吉林摄影出版社 1999.6 |
|
| 页数: | 133页 | |
| 开本: | 19cm | |
| 丛书名: | 摄影技巧丛书 | |
| 单 册: | ||
| 中图分类: | J41 | |
| 科图分类: | ||
| 主题词: | 摄影技术--普及读物 , 摄影艺术--各种 | |
| 电子资源: | ||
| ISBN: | 7-80606-272-6 | |
| 000 | 00657nam2 2200229 45 | |
| 001 | 0012251552 | |
| 005 | 20041209155138.5 | |
| 010 | @a7-80606-272-6@dCNY11.60 | |
| 100 | @a20001225d1999 km y0chiy0120 ea | |
| 101 | 0 | @achi |
| 105 | @a z 000yy | |
| 200 | 1 | @a新潮摄影与拍摄技巧@AXin Chao She Ying Yu Pai She Ji Qiao@f许小平著@FXuXiao Ping Zhu |
| 210 | @a长春@c吉林摄影出版社@d1999.6 | |
| 215 | @a133页@c插图@d19cm | |
| 225 | @a摄影技巧丛书 | |
| 410 | @12001 @a摄影技巧丛书 | |
| 606 | 0 | @a摄影技术@x普及读物 |
| 606 | 0 | @a摄影艺术@x各种 |
| 690 | @aJ41@v1 | |
| 701 | 0 | @a许小平@4著 |
| 801 | @aCN@bTSTC@c20001225 | |
| 905 | @b294239-248@dJ41@e108@f10 | |
| 新潮摄影与拍摄技巧/许小平著.-长春:吉林摄影出版社,1999.6 |
| 133页:插图;19cm.-(摄影技巧丛书) |
| ISBN 7-80606-272-6:CNY11.60 |
| ● |
| 相关链接 |
|
|
|
|
正题名:新潮摄影与拍摄技巧
索取号:J41/108
 
预约/预借
| 序号 | 登录号 | 条形码 | 馆藏地/架位号 | 状态 | 备注 |
| 1 | 0294239 | 002942392 | 第一借阅区/ [索取号:J41/108] | 在馆 | |
| 2 | 0294240 | 002942409 | 第一借阅区/ [索取号:J41/108] | 在馆 | |
| 3 | 0294241 | 002942418 | 第一借阅区/ [索取号:J41/108] | 在馆 | |
| 4 | 0294242 | 002942427 | 第一借阅区/ [索取号:J41/108] | 在馆 | |
| 5 | 0294243 | 002942436 | 第一借阅区/ [索取号:J41/108] | 在馆 | |
| 6 | 0294244 | 002942445 | 第一借阅区/ [索取号:J41/108] | 在馆 | |
| 7 | 0294245 | 002942454 | 第一借阅区/ [索取号:J41/108] | 在馆 | |
| 8 | 0294247 | 002942472 | 第一借阅区/ [索取号:J41/108] | 在馆 | |
| 9 | 0294248 | 002942463 | 第一借阅区/ [索取号:J41/108] | 在馆 | |
| 10 | 0294248 | 002942481 | 第一样本阅览室/ [索取号:J41/108] | 在馆 |